LEADER 01030nam a2200277 i 4500 001 000000160519 003 CaOOAMICUS 005 20070327000000.0 008 070327s1994 it u000 u ita u 013 $a137882 020 $a88-18-06101-1 040 $aSeMil$bita 100 1 $aMorovich, Enrico.$0(OLS)http://semarc/name/42314 245 13$aLa caricatura :$bromanzo /$cEnrico Morovich ; con una postfazione di Bruno Rombi. 250 $a1. ed. 260 $aMilano :$bRusconi,$c1994. 300 $a118 p. ;$c21 cm. 490 0 $aNarrativa Rusconi 700 1 $aRombi, Bruno.$0(OLS)http://semarc/name/42315 830 0$aNarrativa Rusconi.$0(OLS)http://semarc/title/7305 850 $aSeMil 852 $aSeMil$W1$xVenegono$y1$m1D V 180$j111988$B111988$CSeMilBibl$Z2$F122320 $81 961 $aOmaggio: Altro 996 $6020$a88-18-06101-1$9(OLS)http://semarc/number/76383 996 $6245$aLa caricatura :$bromanzo$9(OLS)http://semarc/title/143237 996 $6260$aMilano :$bRusconi$9(OLS)http://semarc/publisher/30258 LEADER 01161nam a2200253 i 4500 001 000000069297 003 CaOOAMICUS 005 20250709113332.0 008 050303s1975 it u000 u ita u 040 $aSeMil$bita 100 1 $aReid, Thomas,$d<1710-1796>.$0(OLS)http://semarc/name/3139 240 10$aInquiry into the human mind.$0(OLS)http://semarc/title/454733 245 10$aRicerca sulla mente umana e altri scritti /$cdi Thomas Reid ; a cura di Antonio Santucci. 260 $aTorino :$bUnione Tipografico-Editrice Torinese,$c1975. 300 $a785 p., [8] carte di tav. :$bill. ;$c24 cm 490 0 $aClassici della filosofia 700 1 $aSantucci, Antonio,$d<1926-2006>.$0(OLS)http://semarc/name/34540 830 0$aClassici della filosofia .$0(OLS)http://semarc/title/454429 850 $aSeMil 852 $aSeMil$W1$xVenegono$y1$m2LA C 52$j259366$B35450$CSeMilBibl$Z2$F35453 $81 961 $aAcquisto: UTET (Agente) 996 $6245$aRicerca sulla mente umana e altri scritti$9(OLS)http://semarc/title/110905 996 $6260$aTorino :$bUnione Tipografico-Editrice Torinese$9(OLS)http://semarc/publisher/29628